Geography Quiz

Random Geography or State Quiz

Can you name the states by their postal code? Quiz Stats

 Plays Quiz not verified by Sporcle

Support Sporcle.
Go Orange.
Score 0/50 Timer 03:00
0 Plays Today
Hint Answer % Correct
ALAlabama
96.9%
AZArizona
96.9%
ARArkansas
96.9%
CACalifornia
93.8%
INIndiana
93.8%
FLFlorida
90.6%
HIHawaii
90.6%
IDIdaho
90.6%
KYKentucky
90.6%
AKAlaska
87.5%
CTConnecticut
87.5%
GAGeorgia
87.5%
MEMaine
87.5%
MNMinnesota
87.5%
COColorado
84.4%
ILIllinois
84.4%
KSKansas
84.4%
MDMaryland
84.4%
NVNevada
84.4%
NJNew Jersey
84.4%
NMNew Mexico
84.4%
NYNew York
84.4%
OHOhio
84.4%
NHNew Hampshire
81.3%
TXTexas
81.3%
Hint Answer % Correct
LALouisiana
78.1%
MIMichigan
78.1%
NCNorth Carolina
78.1%
NDNorth Dakota
78.1%
SDSouth Dakota
78.1%
WYWyoming
78.1%
DEDelaware
75%
IAIowa
75%
MSMississippi
75%
OROregon
75%
TNTennessee
75%
UTUtah
75%
WAWashington
75%
PAPennsylvania
71.9%
SCSouth Carolina
71.9%
VTVermont
71.9%
MAMassachusetts
68.8%
MTMontana
68.8%
OKOklahoma
68.8%
RIRhode Island
68.8%
MOMissouri
65.6%
VAVirginia
65.6%
WVWest Virginia
65.6%
WIWisconsin
65.6%
NENebraska
62.5%

You're not logged in!

Compare scores with friends on all Sporcle quizzes.
OR
Log In

From the Vault

#10 Athletes

by NYYanks

With these athletes playing, the games are always tens.
Remove Ads.
Support Sporcle.
Get the best of Sporcle when you Go Orange. This ad-free experience offers more features, more stats, and more fun while also helping to support Sporcle. Thank you for becoming a member.

Show Comments

Extras

Created Jan 25, 2016ReportNominate
Tags:State Quiz, Abbreviation

Top Quizzes Today


Score Distribution

Your Account Isn't Verified!

In order to create a playlist on Sporcle, you need to verify the email address you used during registration. Go to your Sporcle Settings to finish the process.

Report this User

Report this user for behavior that violates our Community Guidelines.

Details: